000
00315 a2200133 4500
082
_a
362.19698
090
_c
1241
_d
1241
100
_a
Agrawal,V.P.
245
_a
Environment & Health
260
_a
India
_b
Society of Biosciences
_c
1999
300
_a
226p
500
_a
Hard cover
942
_a
NBS
_c
BK
_k
362.19698 AGR
999
_c
343768
_d
343768